000 00508nam a2200181Ia 4500
005 20250508151703.0
008 008 250505s9999 xx 000 0 eng d
037 _aTextual
040 _aFEDL
_beng
_cFEDL
041 _aeng
_2eng
084 _a371, DRI
_qFEDL
100 _aDriscoll Gertrude P
_9759745
245 0 _aChild guidance in the classroom
260 _aNew York, USA
_bBureau of Publications
_c1955
300 _aviii,91p
942 _cTEXL
_h371, DRI
999 _c1331441
_d1331441